| 000 | 00776nam a22002417a 4500 | ||
|---|---|---|---|
| 999 |
_c10066 _d10066 |
||
| 003 | AR-CdUCM | ||
| 008 | 190329b ||||| |||| 00| 0 spa d | ||
| 040 |
_aMUNICIPALIDAD PROVINCIAL DEL CUSCO _cBIBLIOTECA MUNICIPAL DEL CUSCO |
||
| 082 |
_a808.83 / _bT68 / 1957 |
||
| 100 |
_aTolstoi, León Conde _926702 |
||
| 245 | _aLa guerra y la paz / | ||
| 260 |
_aBuenos Aires : _bEdi. schapire, _c1957. |
||
| 300 |
_a42 paginas ; _bIlustraciones, _c20 cm. |
||
| 440 |
_aColección los consagrados _926703 |
||
| 505 | _aContenido : t.1 : La guerra y la paz | ||
| 650 |
_aGuerra _91007 |
||
| 650 |
_aPaz _9757 |
||
| 650 |
_aConflicto _94870 |
||
| 700 |
_aBaranov, Serge t. (Traductor) _926704 |
||
| 700 |
_aBalmanya, N. (Traductor) _926705 |
||
| 942 |
_2ddc _cLIBROS |
||
| 945 | _awnts | ||